000 00342nam a2200133Ia 4500
005 20260328104337.0
008 260328s9999||||xx |||||||||||||| ||und||
100 _aRae, William
245 4 _aThe Grange :
_b A Case for Conservation /
_cWilliam Rae
260 _bThe Grange Association
300 _a96 p.
650 _aEDINBURCH
942 _cBK
999 _c11937
_d11937